banner-ar

الحشرات الاقتصادية والدراسات العملية المورقولوجية لتعريفها / (Record no. 27827)

MARC details
000 -الفاتح
حقل البيانات ثابتة الطول 00813nam a2200229Ia 4500
008 - عناصر البيانات ثابتة الطول - معلومات عامة
حقل البيانات ثابتة الطول 140319s9999 xx 000 0 ara d
040 ## - مصدر الفهرسة
وكالة الفهرسة الأصلية GCL /
وكالة النسخ GCL
082 04 - رقم تصنيف ديوى العشرى
رقم التصنيف 632.752
رقم المادة ع ح
100 1# - المدخل الرئيسى - إسم شخصى
الإسم الشخصى احمد عبدالوهاب عبدالجواد
245 10 - بيان العنوان
العنوان الحشرات الاقتصادية والدراسات العملية المورقولوجية لتعريفها /
بيان المسئوليه,etc احمد عبدالوهاب عبدالجواد
700 1# - المدخل الاضافى - اسم شخصى
الإسم الشخصى عبداللطيف الديب
700 1# - المدخل الاضافى - اسم شخصى
الإسم الشخصى احمد الشاذلى
300 ## - الوصف المادى
التعداد 584 ص
490 ## - بيان السلسلة
عنوان السلسلة
650 04 - المدخل الاضافى بالموضوع-مصطلح موضوعى
مصطلح موضوعي الافات الزراعية
650 04 - المدخل الاضافى بالموضوع-مصطلح موضوعى
مصطلح موضوعي الحشرات
650 04 - المدخل الاضافى بالموضوع-مصطلح موضوعى
مصطلح موضوعي الحشرات الضارة
650 04 - المدخل الاضافى بالموضوع-مصطلح موضوعى
مصطلح موضوعي تشريح
942 ## - عناصر المدخل الإضافي( كوها)
مصدر التصنيف او مخطط الترفيف Dewey Decimal Classification
Koha [default] item type كتاب
260 ## - PUBLICATION, DISTRIBUTION, ETC. (IMPRINT)
-- [S.N] :
-- لجنة الاعلام والدراسات المستقبلية
Holdings
حالة التراجع حالة الفقد حالة تلف ليس للاعارة المكان المؤقت الموقع الحالى تاريخ الاكتساب اجمالي اﻻعارات رقم الطلب الباركود تاريخ اخر مشاهدة تاريخ تفعيل السعر نوع وعاء كوها
        مكتبة القاهرة الكبرى مكتبة القاهرة الكبرى 03/26/2014   632.752\ع ح 63459 03/26/2014 03/26/2014 كتاب

Powered By

EGPV